00414nam a2200181Ia 4500008004100000020001800041050001400059100002000073245001900093245002000112260001500132260001600147260000900163300001500172300002700187300001000214500000800224170918s9999 xx 000 0 und d a9780439597845 bM121 2003 aMcCabe, Suzanne aCapital kids / cSuzanne McCabe. aNew York : bScholastic, c2003 a40 pages : bcolored illustration ; c19cm. a380